[Event "Heraklion Tal Memorial 4th"]
[Site "Heraklion"]
[Date "2023.11.08"]
[Round "8"]
[White "Stoumbos, Konstantinos"]
[Black "Grapsa, Georgia"]
[Result "1-0"]
[WhiteElo "2130"]
[BlackElo "1963"]
[PlyCount "77"]
[EventDate "2023.11.01"]
[EventType "tourn"]
[EventRounds "9"]
[EventCountry "GRE"]
[SourceTitle "CB46_2023"]
[SourceDate "2023.11.15"]
[SourceVersion "1"]
[SourceVersionDate "2023.11.15"]
[SourceQuality "1"]

1. e4 c6 2. d4 d5 3. f3 e6 4. Nc3 Bb4 5. Nge2 dxe4 6. fxe4 Qh4+ 7. Ng3 Nf6 8. Qd3 e5 9. Bd2 Nh5 10. dxe5 Nxg3 11. Qxg3 Qxg3+ 12. hxg3 Be6 13. 0-0-0 Nd7 14. a3 Ba5 15. Bf4 Bxc3 16. bxc3 h6 17. Be2 Ke7 18. g4 g5 19. Be3 b6 20. Rxh6 Rhg8 21. Rh5 Nxe5 22. Bxg5+ Ke8 23. Rd6 Bd7 24. Bh4 Ng6 25. Bf6 Nf8 26. Re5+ Be6 27. g5 Ng6 28. Bh5 Rc8 29. g3 Kf8 30. Rexe6 fxe6 31. Rd7 a5 32. Kd2 e5 33. Ke3 b5 34. Kf3 c5 35. Kg4 b4 36. axb4 cxb4 37. cxb4 axb4 38. Kf5 Rxc2 39. Bxg6 1-0

[Event "Heraklion Tal Memorial 4th"]
[Site "Heraklion"]
[Date "2023.11.02"]
[Round "2"]
[White "Papasimakopoulos, Alexandros"]
[Black "Stoumbos, Konstantinos"]
[Result "0-1"]
[WhiteElo "2416"]
[BlackElo "2130"]
[PlyCount "95"]
[EventDate "2023.11.01"]
[EventType "tourn"]
[EventRounds "9"]
[EventCountry "GRE"]
[SourceTitle "CB46_2023"]
[SourceDate "2023.11.15"]
[SourceVersion "1"]
[SourceVersionDate "2023.11.15"]
[SourceQuality "1"]

1. d4 Nf6 2. c4 g6 3. f3 Bg7 4. e4 d6 5. Be3 0-0 6. Ne2 a6 7. Na3 c6 8. c5 d5 9. e5 Ne8 10. Qd2 f6 11. f4 Bh6 12. h3 fxe5 13. fxe5 Bxe3 14. Qxe3 Ng7 15. g4 b6 16. cxb6 Qxb6 17. 0-0-0 a5 18. Nb1 a4 19. a3 Nd7 20. Nec3 Ne6 21. h4 Rf4 22. h5 g5 23. Ne2 c5 24. Nxf4 gxf4 25. Qf3 cxd4 26. Re1 Ndc5 27. Rh2 Rb8 28. g5 d3 29. g6 Nd4 30. Qxf4 Bf5 31. gxh7+ Kh8 32. e6 d2+ 33. Rxd2 Ncb3+ 34. Kd1 Nxd2 35. Qxd2 Bxb1 36. Qc3 Qxb2 37. Qxb2 Rxb2 38. Kc1 Rb6 39. Bg2 Ba2 40. Re5 Rxe6 41. Rg5 Rc6+ 42. Kd2 e6 43. Kd3 Nf5 44. Kd2 Bb1 45. Bf1 Rc2+ 46. Ke1 Rc3 47. Bb5 Rxa3 48. Kd2 0-1

[Event "GRE-chT 50th"]
[Site "Nikaia"]
[Date "2023.08.27"]
[Round "4.2"]
[White "Giannoulakis, Labros"]
[Black "Stoumbos, Konstantinos"]
[Result "1-0"]
[WhiteElo "2334"]
[BlackElo "2117"]
[PlyCount "57"]
[EventDate "2023.08.25"]
[EventType "team"]
[EventRounds "9"]
[EventCountry "GRE"]
[SourceTitle "EXT 2024"]
[Source "ChessBase"]
[SourceDate "2023.10.10"]
[SourceVersion "1"]
[SourceVersionDate "2023.10.10"]
[SourceQuality "1"]
[WhiteTeam "Neapolis Sykeon"]
[BlackTeam "Panionios"]
[WhiteTeamCountry "GRE"]
[BlackTeamCountry "GRE"]

1. d4 Nf6 2. c4 g6 3. Nc3 Bg7 4. e4 d6 5. h3 0-0 6. Be3 e5 7. d5 a5 8. g4 Na6 9. Qd2 c6 10. Nge2 cxd5 11. cxd5 Nd7 12. Ng3 Ndc5 13. Be2 Bd7 14. h4 a4 15. Rc1 Qa5 16. Nb1 Qxd2+ 17. Bxd2 b5 18. Na3 Rfb8 19. 0-0 Bf6 20. g5 Bd8 21. f4 b4 22. Nc4 a3 23. bxa3 bxa3 24. fxe5 dxe5 25. Nxe5 Rb2 26. Nxf7 Bf6 27. Nh6+ Kh8 28. Rxf6 Rxd2 29. Rcf1 1-0

[Event "Agios Nikolaos op 3rd"]
[Site "Agios Ioannis"]
[Date "2019.08.31"]
[Round "7"]
[White "Kapnisis, Spyridon"]
[Black "Stoumbos, Konstantinos"]
[Result "1/2-1/2"]
[WhiteElo "2463"]
[BlackElo "2223"]
[PlyCount "111"]
[EventDate "2019.08.26"]
[EventType "swiss"]
[EventRounds "9"]
[EventCountry "GRE"]
[SourceTitle "EXT 2020"]
[Source "ChessBase"]
[SourceDate "2019.10.17"]
[SourceVersion "1"]
[SourceVersionDate "2019.10.17"]
[SourceQuality "1"]

1. c4 Nf6 2. g3 g6 3. Bg2 Bg7 4. Nc3 d6 5. e4 0-0 6. Nge2 Nc6 7. 0-0 a6 8. d3 Rb8 9. f4 Bd7 10. a4 a5 11. h3 Bc8 12. Be3 Nd7 13. g4 Nb4 14. d4 e5 15. Rb1 c6 16. b3 Re8 17. Qd2 Qe7 18. Rbd1 b6 19. Kh1 exd4 20. Bxd4 Nc5 21. Bxg7 Kxg7 22. Nc1 Qh4 23. f5 gxf5 24. gxf5 d5 25. Rf4 Qf6 26. exd5 cxd5 27. Nxd5 Nxd5 28. Bxd5 Bb7 29. Nd3 Bxd5+ 30. cxd5 Nxb3 31. Qc2 Nc5 32. Nxc5 bxc5 33. Qxc5 Rb3 34. Qd4 Rxh3+ 35. Kg2 Rh6 36. d6 Rd8 37. d7 Qxd4 38. Rfxd4 Rc6 39. Kf3 Rc5 40. Kf4 f6 41. Re1 Kf7 42. Re6 Rc7 43. Rdd6 Rdxd7 44. Rxf6+ Kg7 45. Rxd7+ Rxd7 46. Ra6 Rd5 47. Kg5 h6+ 48. Kf4 Rd4+ 49. Ke5 Rxa4 50. Ra7+ Kg8 51. Kf6 Rb4 52. Ra8+ Kh7 53. Ke7 Rb7+ 54. Kf8 h5 55. Rxa5 Kh6 56. Ke8 1/2-1/2

[Event "Agios Nikolaos op 3rd"]
[Site "Agios Ioannis"]
[Date "2019.08.26"]
[Round "1"]
[White "Stoumbos, Konstantinos"]
[Black "Gialytis, Aristarchos"]
[Result "1-0"]
[WhiteElo "2223"]
[BlackElo "1095"]
[PlyCount "77"]
[EventDate "2019.08.26"]
[EventType "swiss"]
[EventRounds "9"]
[EventCountry "GRE"]
[SourceTitle "EXT 2020"]
[Source "ChessBase"]
[SourceDate "2019.10.17"]
[SourceVersion "1"]
[SourceVersionDate "2019.10.17"]
[SourceQuality "1"]

1. e4 e5 2. Nc3 Nc6 3. Bc4 Bc5 4. Qg4 g6 5. Qg3 d6 6. d3 Nf6 7. Bg5 h6 8. Qh4 Bxf2+ 9. Kxf2 Ng4+ 10. Qxg4 Bxg4 11. Bxd8 Rxd8 12. Nd5 Kf8 13. Rf1 Be6 14. h4 h5 15. Nf3 Bxd5 16. Bxd5 Ne7 17. Bb3 f5 18. Ng5 Ra8 19. Ne6+ Kf7 20. Nxc7+ Kg7 21. Nxa8 Rxa8 22. g3 fxe4 23. dxe4 Rf8+ 24. Ke3 Rxf1 25. Rxf1 b5 26. Rf7+ Kh6 27. Rxe7 g5 28. Be6 Kg6 29. Bf5+ Kf6 30. Rxa7 g4 31. b4 d5 32. Ra6+ Ke7 33. exd5 Kf7 34. Ke4 Ke7 35. Kxe5 Kf7 36. d6 Kg7 37. Ra7+ Kf8 38. Kf6 Ke8 39. Ra8# 1-0

[Event "Anogia op 8th"]
[Site "Anogia"]
[Date "2019.08.20"]
[Round "4"]
[White "Stoyanov, Tsvetan"]
[Black "Stoumbos, Konstantinos"]
[Result "1-0"]
[WhiteElo "2386"]
[BlackElo "2223"]
[PlyCount "57"]
[EventDate "2019.08.18"]
[EventType "swiss"]
[EventRounds "9"]
[EventCountry "GRE"]
[SourceTitle "EXT 2020"]
[Source "ChessBase"]
[SourceDate "2019.10.17"]
[SourceVersion "1"]
[SourceVersionDate "2019.10.17"]
[SourceQuality "1"]

1. c4 Nf6 2. Nf3 g6 3. Nc3 Bg7 4. e3 0-0 5. d4 c6 6. Be2 d6 7. 0-0 Nbd7 8. b3 e5 9. Qc2 Re8 10. Ba3 e4 11. Nd2 Qe7 12. Rae1 Nf8 13. h3 h5 14. f3 exf3 15. Bxf3 Bf5 16. e4 Ng4 17. Qd3 c5 18. dxc5 dxc5 19. Bxg4 Bxg4 20. Nd5 Qg5 21. Nf3 Bxf3 22. Qxf3 Bd4+ 23. Kh1 Re7 24. Qf4 Qe5 25. Rd1 Rd7 26. Rxd4 Qxf4 27. Rxf4 cxd4 28. Nf6+ Kg7 29. Bxf8+ 1-0

[Event "Anogia op 8th"]
[Site "Anogia"]
[Date "2019.08.19"]
[Round "2"]
[White "Kouvidis, Ioannis"]
[Black "Stoumbos, Konstantinos"]
[Result "1/2-1/2"]
[WhiteElo "2000"]
[BlackElo "2223"]
[PlyCount "112"]
[EventDate "2019.08.18"]
[EventType "swiss"]
[EventRounds "9"]
[EventCountry "GRE"]
[SourceTitle "EXT 2020"]
[Source "ChessBase"]
[SourceDate "2019.10.17"]
[SourceVersion "1"]
[SourceVersionDate "2019.10.17"]
[SourceQuality "1"]

1. e4 c6 2. Nc3 d5 3. d3 dxe4 4. Nxe4 Nf6 5. Qe2 c5 6. Bd2 Nc6 7. c3 b6 8. Bf4 e6 9. g3 Ba6 10. Nxf6+ gxf6 11. Bg2 Rc8 12. Rd1 Be7 13. Nf3 Qd5 14. Nh4 Qd7 15. 0-0 f5 16. Nf3 0-0 17. Bg5 Rfd8 18. Bxe7 Qxe7 19. Rfe1 Rd6 20. Qe3 Rcd8 21. d4 cxd4 22. Nxd4 Nxd4 23. Rxd4 Rxd4 24. cxd4 Bc4 25. b3 Bd5 26. Bxd5 Rxd5 27. Rc1 Kg7 28. a4 h6 29. Rc6 Qd7 30. Qc3 Qd8 31. Rc8 Qf6 32. Rc4 h5 33. Qf3 Kg6 34. Qf4 a6 35. h4 b5 36. axb5 axb5 37. Rc8 Rxd4 38. Qf3 Rg4 39. Rg8+ Kh7 40. Rxg4 hxg4 41. Qb7 f4 42. Qxb5 Qa1+ 43. Kh2 fxg3+ 44. fxg3 Qb2+ 45. Kh1 Qc1+ 46. Kg2 Qd2+ 47. Kh1 f5 48. Qc4 Qd6 49. Kg2 Kg7 50. b4 e5 51. b5 f4 52. gxf4 exf4 53. Qc3+ Kf7 54. Qc4+ Kg7 55. Qc3+ Kf7 56. Qc4+ Kg7 1/2-1/2

[Event "Athens Acropolis op-B 24th"]
[Site "Chalkida"]
[Date "2009.08.13"]
[Round "3"]
[White "Stoumbos, Konstantinos"]
[Black "Kouvatsos, Filippos"]
[Result "0-1"]
[WhiteElo "2195"]
[BlackElo "2093"]
[PlyCount "66"]
[EventDate "2009.08.10"]
[EventType "swiss"]
[EventRounds "9"]
[EventCountry "GRE"]
[SourceTitle "CBM 132 Extra"]
[Source "ChessBase"]
[SourceDate "2009.11.03"]
[SourceVersion "1"]
[SourceVersionDate "2009.11.03"]
[SourceQuality "1"]

1. e4 c6 2. d4 d5 3. e5 Bf5 4. Nd2 e6 5. Nb3 Nd7 6. Nf3 Ne7 7. Bd2 Ng6 8. c4 dxc4 9. Bxc4 Bg4 10. h3 Bxf3 11. Qxf3 Nb6 12. Bd3 Be7 13. g3 Qd7 14. Rc1 Rd8 15. Be4 0-0 16. 0-0 f5 17. exf6 Bxf6 18. Nc5 Qe7 19. Qb3 Nd5 20. Bxd5 Rxd5 21. Rce1 Bxd4 22. Nxe6 Bxf2+ 23. Rxf2 Rxf2 24. Nf4 Qf7 25. Nxd5 cxd5 26. Bb4 Ne5 27. Qe3 Rf5 28. Kg2 h6 29. g4 Rf4 30. Bd6 Re4 31. Bxe5 Rxe3 32. Rxe3 d4 33. Re2 Qxa2 0-1

[Event "Nikaia op 16th"]
[Site "Nikaia"]
[Date "2008.08.31"]
[Round "8"]
[White "Stoumbos, Konstantinos"]
[Black "Panagiotakos, Petros"]
[Result "1-0"]
[WhiteElo "2161"]
[BlackElo "1891"]
[PlyCount "53"]
[EventDate "2008.08.25"]
[EventType "swiss"]
[EventRounds "9"]
[EventCountry "GRE"]
[SourceTitle "CBM 126 Extra"]
[Source "ChessBase"]
[SourceDate "2008.11.05"]
[SourceVersion "1"]
[SourceVersionDate "2008.11.05"]
[SourceQuality "1"]

1. e4 c5 2. Nf3 Nc6 3. d4 cxd4 4. Nxd4 Nf6 5. Nc3 g6 6. Be3 Bg7 7. Bc4 0-0 8. Bb3 Qa5 9. 0-0 d6 10. h3 Bd7 11. Re1 Qh5 12. Nd5 Qxd1 13. Raxd1 Nxe4 14. Nxc6 bxc6 15. Nxe7+ Kh8 16. Bd4 Bxd4 17. Rxd4 d5 18. Rexe4 dxe4 19. Rxd7 Rad8 20. Rxa7 Rd1+ 21. Kh2 Rd2 22. Kg3 f5 23. h4 f4+ 24. Kg4 Rxf2 25. Kg5 Rxg2+ 26. Kh6 Rg3 27. Nf5 1-0

[Event "Nikaia op 16th"]
[Site "Nikaia"]
[Date "2008.08.30"]
[Round "7"]
[White "Dochev, Dimitar"]
[Black "Stoumbos, Konstantinos"]
[Result "1-0"]
[WhiteElo "2428"]
[BlackElo "2161"]
[PlyCount "87"]
[EventDate "2008.08.25"]
[EventType "swiss"]
[EventRounds "9"]
[EventCountry "GRE"]
[SourceTitle "CBM 126 Extra"]
[Source "ChessBase"]
[SourceDate "2008.11.05"]
[SourceVersion "1"]
[SourceVersionDate "2008.11.05"]
[SourceQuality "1"]

1. e4 c6 2. d4 d5 3. e5 Bf5 4. Nf3 e6 5. Be2 Bb4+ 6. Nbd2 Nd7 7. c3 Ba5 8. Nf1 Qe7 9. Ng3 Bg6 10. 0-0 f6 11. Bf4 fxe5 12. Nxe5 Nxe5 13. Bxe5 Nf6 14. Re1 0-0 15. Bg4 Rae8 16. Bh3 Bf7 17. Qd2 Bc7 18. Qf4 Bxe5 19. Qxe5 Qd8 20. Re2 Kh8 21. Rae1 Bg6 22. Qg5 Qb6 23. Bxe6 Rxe6 24. Rxe6 Qxb2 25. h4 Qxc3 26. h5 Be4 27. Qe3 Qb4 28. a3 Qb2 29. f3 Ng4 30. Qe2 Qxd4+ 31. Kh1 Nf2+ 32. Kh2 Nd3 33. fxe4 Nxe1 34. Qxe1 dxe4 35. Qxe4 Qxe4 36. Nxe4 h6 37. Re7 Rf5 38. g4 Ra5 39. Rxb7 Rxa3 40. Nd6 Rf3 41. Rxa7 c5 42. Rc7 Rc3 43. Nf7+ Kg8 44. Ne5 1-0

[Event "Aigialias op 1st"]
[Site "Aigialias"]
[Date "2008.08.22"]
[Round "7"]
[White "Pappelis, Dimitrios"]
[Black "Stoumbos, Konstantinos"]
[Result "0-1"]
[WhiteElo "1889"]
[BlackElo "2161"]
[PlyCount "78"]
[EventDate "2008.08.18"]
[EventType "swiss"]
[EventRounds "9"]
[EventCountry "GRE"]
[SourceTitle "EXT 2009"]
[Source "ChessBase"]
[SourceDate "2008.11.26"]
[SourceVersion "1"]
[SourceVersionDate "2008.11.26"]
[SourceQuality "1"]

1. e4 e6 2. Nf3 d5 3. e5 c5 4. b4 cxb4 5. d4 Nc6 6. a3 bxa3 7. c3 f6 8. Bd3 fxe5 9. dxe5 Qc7 10. 0-0 Nh6 11. Bxh6 gxh6 12. Re1 Bc5 13. Nxa3 0-0 14. Nb5 Qg7 15. Ra4 Bd7 16. Rh4 Rxf3 17. Qxf3 Nxe5 18. Rxe5 Qxe5 19. Rg4+ Kh8 20. Qf7 Qe1+ 21. Bf1 Bxf2+ 22. Qxf2 Qxf2+ 23. Kxf2 Rf8+ 24. Ke1 Rxf1+ 25. Kxf1 Bxb5+ 26. Ke1 a5 27. Kd2 Bc4 28. Kc1 e5 29. h4 e4 30. Rg3 b5 31. Kc2 h5 32. Rg5 e3 33. Rxh5 e2 34. Re5 Kg7 35. g4 Kf6 36. Re8 a4 37. Kb2 d4 38. cxd4 Be6 39. g5+ Kf7 0-1

[Event "Aigialias op 1st"]
[Site "Aigialias"]
[Date "2008.08.21"]
[Round "6"]
[White "Stoumbos, Konstantinos"]
[Black "Gelashvili, Tamaz"]
[Result "0-1"]
[WhiteElo "2161"]
[BlackElo "2612"]
[PlyCount "74"]
[EventDate "2008.08.18"]
[EventType "swiss"]
[EventRounds "9"]
[EventCountry "GRE"]
[SourceTitle "EXT 2009"]
[Source "ChessBase"]
[SourceDate "2008.11.26"]
[SourceVersion "1"]
[SourceVersionDate "2008.11.26"]
[SourceQuality "1"]

1. e4 Nc6 2. Nc3 Nf6 3. d4 d6 4. Bg5 h6 5. Bh4 g5 6. Bg3 Bg7 7. f4 Bg4 8. Be2 Bxe2 9. Ngxe2 Nh5 10. Qd3 Nxf4 11. Bxf4 gxf4 12. 0-0 Qd7 13. Nd5 e5 14. c3 0-0-0 15. g3 Qh3 16. Rf3 Rhg8 17. Kh1 Bh8 18. Rg1 Qh5 19. Rff1 f5 20. b4 fxe4 21. Qc4 Rg7 22. gxf4 Rgd7 23. Ng3 Qe8 24. Nf5 Kb8 25. b5 Na5 26. Qa4 b6 27. Nb4 exd4 28. Nc6+ Nxc6 29. bxc6 e3 30. Ng3 Rf7 31. cxd4 Qe6 32. Qb5 a6 33. f5 Qxa2 34. Ra1 Qxa1 35. Qb3 Qxd4 36. Qxf7 Be5 37. Re1 Qc3 0-1

[Event "Aigialias op 1st"]
[Site "Aigialias"]
[Date "2008.08.20"]
[Round "4"]
[White "Athanasiou, Georgios"]
[Black "Stoumbos, Konstantinos"]
[Result "0-1"]
[WhiteElo "1884"]
[BlackElo "2161"]
[PlyCount "66"]
[EventDate "2008.08.18"]
[EventType "swiss"]
[EventRounds "9"]
[EventCountry "GRE"]
[SourceTitle "EXT 2009"]
[Source "ChessBase"]
[SourceDate "2008.11.26"]
[SourceVersion "1"]
[SourceVersionDate "2008.11.26"]
[SourceQuality "1"]

1. e4 e6 2. d4 d5 3. exd5 exd5 4. Bd3 Nc6 5. c3 Bd6 6. Nf3 Bg4 7. 0-0 Nge7 8. Bg5 f6 9. Bh4 Qd7 10. Nbd2 0-0-0 11. b4 Nf5 12. Bg3 Nxg3 13. hxg3 Ne7 14. Qc2 h5 15. Rfb1 g5 16. Nh2 Be6 17. c4 h4 18. c5 hxg3 19. cxd6 gxf2+ 20. Kxf2 Qxd6 21. Nhf1 Qf4+ 22. Ke1 Nf5 23. Nb3 Nxd4 24. Nxd4 Qxd4 25. Kd1 Bf5 26. Kd2 Rde8 27. a4 Rh4 28. Ra3 Qf2+ 29. Kc1 Re1+ 30. Kb2 Rxb4+ 31. Rb3 Rxb1+ 32. Kxb1 Rxb3+ 33. Qxb3 Qxf1+ 0-1

[Event "Patron CC-ch"]
[Site "Greece"]
[Date "2008.01.04"]
[Round "4"]
[White "Pitselis, Grigorios"]
[Black "Stoumbos, Konstantinos"]
[Result "1-0"]
[WhiteElo "2132"]
[BlackElo "2153"]
[PlyCount "123"]
[EventDate "2008.01.02"]
[EventType "swiss"]
[EventRounds "7"]
[EventCountry "GRE"]
[SourceTitle "EXT 2010"]
[Source "ChessBase"]
[SourceDate "2010.11.25"]
[SourceVersion "1"]
[SourceVersionDate "2010.11.25"]
[SourceQuality "1"]

1. Nf3 d5 2. d4 Nc6 3. c4 Bg4 4. e3 e5 5. dxe5 dxc4 6. Qa4 Bxf3 7. gxf3 Qd5 8. Nc3 Bb4 9. Qxb4 Qxf3 10. Qxb7 Rb8 11. Qxc7 Qxh1 12. e4 Nge7 13. Bg5 0-0 14. Bxe7 Nd4 15. 0-0-0 Qxh2 16. Bxf8 Qxf2 17. Rxd4 Qxf1+ 18. Rd1 Qf4+ 19. Kb1 Rxf8 20. a3 h5 21. Ka2 h4 22. Qe7 Qg4 23. Rd6 h3 24. Nd5 Rb8 25. Rd7 Qf3 26. Rd8+ Rxd8 27. Qxd8+ Kh7 28. Qh4+ Kg8 29. Nc3 Qg2 30. Qd8+ Kh7 31. Qh4+ Kg8 32. Nd1 c3 33. Qd8+ Kh7 34. Qh4+ Kg6 35. Nf2 c2 36. Nxh3 Qxh3 37. Qxh3 c1Q 38. Qf5+ Kh6 39. Qxf7 Qc2 40. Qd5 Qc8 41. Qd6+ g6 42. e6 Qc4+ 43. Kb1 Qxe4+ 44. Kc1 Kg7 45. Qe7+ Kh6 46. Qf6 Qc4+ 47. Kd2 Qd5+ 48. Ke3 Qc5+ 49. Qd4 Qc1+ 50. Ke4 Qc6+ 51. Qd5 Qc2+ 52. Ke5 Qh2+ 53. Kf6 Qxb2+ 54. Qe5 Qf2+ 55. Ke7 Kh7 56. Ke8 Qc2 57. Kd8 Qd3+ 58. Kc8 Qa6+ 59. Kd7 Qa4+ 60. Kd8 Qd1+ 61. Kc8 Qc2+ 62. Qc7+ 1-0

[Event "Nikaia op 15th"]
[Site "Nikaia"]
[Date "2007.08.24"]
[Round "2"]
[White "Savoglou, Nikolaos"]
[Black "Stoumbos, Konstantinos"]
[Result "1/2-1/2"]
[WhiteElo "1934"]
[BlackElo "2147"]
[PlyCount "113"]
[EventDate "2007.08.23"]
[EventType "swiss"]
[EventRounds "9"]
[EventCountry "GRE"]
[SourceTitle "CBM 120 Extra"]
[Source "ChessBase"]
[SourceDate "2007.11.01"]
[SourceVersion "1"]
[SourceVersionDate "2007.11.01"]
[SourceQuality "1"]

1. d4 d5 2. c4 e5 3. dxe5 d4 4. a3 Nc6 5. e3 Bf5 6. Nf3 dxe3 7. Qxd8+ Rxd8 8. Bxe3 Nge7 9. Nc3 Ng6 10. Nb5 Rd7 11. Nfd4 Be4 12. f3 Nxd4 13. Nxd4 Bc5 14. Rd1 0-0 15. fxe4 Rfd8 16. Bg5 Be7 17. Bxe7 Nxe7 18. Be2 Rxd4 19. Kf2 c5 20. Ke3 Nc6 21. e6 fxe6 22. Bg4 Kf7 23. Rhf1+ Ke7 24. Be2 a5 25. Rd3 Rxd3+ 26. Bxd3 Ne5 27. Be2 Rd4 28. Rc1 g5 29. b4 b6 30. bxc5 bxc5 31. Rc3 Kf6 32. Rc1 Nd7 33. Rb1 Ke5 34. Bd3 Nf6 35. Rb5 Nxe4 36. Rxa5 g4 37. Rb5 h5 38. a4 Kd6 39. Bxe4 Rxc4 40. a5 Ra4 41. Rb6+ Ke5 42. Bg6 Ra3+ 43. Kf2 h4 44. a6 Ra2+ 45. Kf1 c4 46. Ke1 Rxg2 47. Bb1 g3 48. hxg3 h3 49. Rb5+ Kd4 50. Kf1 Rxg3 51. Rh5 Ra3 52. Rh4+ Kc5 53. Be4 Rxa6 54. Rxh3 Kd4 55. Bh7 e5 56. Rh4+ Kc3 57. Rh3+ 1/2-1/2

[Event "Kavala op 15th"]
[Site "Kavala"]
[Date "2006.07.04"]
[Round "1"]
[White "Nikolaidis, Ioannis"]
[Black "Stoumbos, Konstantinos"]
[Result "1-0"]
[WhiteElo "2538"]
[BlackElo "2141"]
[PlyCount "41"]
[EventDate "2006.07.04"]
[EventType "swiss"]
[EventRounds "9"]
[EventCountry "GRE"]
[SourceTitle "CBM 113 Extra"]
[Source "ChessBase"]
[SourceDate "2006.09.14"]
[SourceVersion "1"]
[SourceVersionDate "2006.09.14"]
[SourceQuality "1"]

1. c4 e5 2. Nc3 Nf6 3. Nf3 Nc6 4. e3 Bb4 5. Qc2 0-0 6. Nd5 Re8 7. Qf5 d6 8. Nxf6+ gxf6 9. Qh5 Qd7 10. a3 Bc5 11. b4 Bd4 12. Nxd4 Nxd4 13. Bd3 e4 14. Bb2 c5 15. Bb1 Re5 16. Qh4 Nb3 17. Bxe4 Nxa1 18. Bxh7+ Kf8 19. f4 Qc6 20. 0-0 Rf5 21. Bxa1 1-0

[Event "Linares Anibal op 11th"]
[Site "Linares"]
[Date "2005.03.01"]
[Round "5"]
[White "Stoumbos, Konstantinos"]
[Black "Costello, Colin"]
[Result "1-0"]
[WhiteElo "2113"]
[BlackElo "2024"]
[PlyCount "53"]
[EventDate "2005.02.25"]
[EventType "swiss"]
[EventRounds "9"]
[EventCountry "ESP"]
[SourceTitle "CBM 105 Extra"]
[Source "ChessBase"]
[SourceDate "2005.05.01"]
[SourceVersion "1"]
[SourceVersionDate "2005.05.01"]
[SourceQuality "1"]

1. e4 e5 2. f4 Bc5 3. Nf3 d6 4. Bc4 Nf6 5. Nc3 Nc6 6. d3 0-0 7. f5 Nd4 8. g4 Nxg4 9. Ng5 Nf6 10. Nd5 h6 11. c3 Nxd5 12. Bxd5 hxg5 13. cxd4 Bb4+ 14. Kf2 c6 15. h4 g4 16. Bb3 d5 17. Qxg4 dxe4 18. dxe4 Qxd4+ 19. Be3 Qxb2+ 20. Kf3 Be7 21. Rag1 Bf6 22. Rg2 Qc3 23. Qg6 Bxf5 24. Qxf5 Kh8 25. Qh5+ Kg8 26. Qh6 Rad8 27. Qxf6 1-0